Normal view
MARC view
- Environmental chemistry
Entry Topical Term
001 - CONTROL NUMBER
- control field: 132675
003 - CONTROL NUMBER IDENTIFIER
- control field: NUST
005 - DATE AND TIME OF LATEST TRANSACTION
- control field: 20260101120117.0
008 - FIXED-LENGTH DATA ELEMENTS
- fixed length control field: 260101|| aca||aabn | a|a d
040 ## - CATALOGING SOURCE
- Original cataloging agency: NUST
- Transcribing agency: NUST
150 ## - HEADING--TOPICAL TERM
- Topical term or geographic name entry element: Environmental chemistry
- General subdivision: Technique
670 ## - SOURCE DATA FOUND
- Source citation: Work cat.: (NUST)0: Omics technologies and bio-engineering :
